| 000 | 00662nam a22002297a 4500 | ||
|---|---|---|---|
| 999 |
_c4217 _d4217 |
||
| 003 | AR-CdUCM | ||
| 008 | 190308b ||||| |||| 00| 0 spa d | ||
| 020 | _a968-16-1646-4 | ||
| 040 |
_aMUNICIPALIDAD PROVINCIAL DEL CUSCO _cBIBLIOTECA MUNICIPAL DEL CUSCO |
||
| 082 |
_a869.15 / _bR91 |
||
| 100 |
_aRubĂn, Ramon _913352 |
||
| 245 | _aLa Bruma lo Vuelve Azul / | ||
| 260 |
_aMexico : _bFondo Editorial Mexicano, _c1954. |
||
| 300 |
_a116 paginas ; _c18cm. |
||
| 440 |
_aLecturas Mexicanas _n34 _913353 |
||
| 500 | _aNovelas | ||
| 650 |
_aNovelas Mexicanas _9676 |
||
| 650 |
_aLiteratura _983 |
||
| 650 |
_aSiglo XX _98 |
||
| 942 |
_2ddc _cLIBROS |
||
| 945 | _apjha | ||